La época del imperialismo (Record no. 189788)

MARC details
000 -LEADER
campo de control de longitud fija 00945nam a2200241 i 4500
001 - NÚMERO DE CONTROL
campo de control 189788
003 - IDENTIFICADOR DE NÚMERO DE CONTROL
campo de control ES-MaACL
005 - FECHA Y HORA DE LA ÚLTIMA TRANSACCIÓN
campo de control 20250815004926.0
008 - DATOS DE LONGITUD FIJA--INFORMACIÓN GENERAL
campo de control de longitud fija 191126s1936 sp ab |||| | spa d
245 03 - MENCIÓN DEL TÍTULO
Título La época del imperialismo
Resto del título : 1890-1933 /
Mención de responsabilidad, etc. por Walter Goetz, Kurt Wiedenfeld, el Conde Max Montgelas, Erich Branderburg ; versión española de Manuel García Morente.
260 ## - PUBLICACIÓN, DISTRIBUCIÓN, ETC.
Lugar de publicación, distribución, etc. Madrid :
Nombre del editor, distribuidor, etc. Espasa-Calpe,
Fecha de publicación, distribución, etc. 1936.
300 ## - DESCRIPCIÓN FÍSICA
Extensión XVI, 720 p., [22] p. (algunas pleg.) :
Otras características físicas il., mapas ;
Dimensiones 27 cm.
650 #7 - PUNTO DE ACCESO ADICIONAL DE MATERIA--TÉRMINO DE MATERIA
Término de materia o nombre geográfico como elemento de entrada Historia contemporánea
Fuente del encabezamiento o término embne
9 (RLIN) 13393
650 04 - PUNTO DE ACCESO ADICIONAL DE MATERIA--TÉRMINO DE MATERIA
Término de materia o nombre geográfico como elemento de entrada Historia contemporánea-
Subdivisión cronológica S.XX
9 (RLIN) 13396
700 1# - ENTRADA AGREGADA--NOMBRE PERSONAL
Nombre de persona Goetz, Walter,
Fechas asociadas al nombre 1867-1958
9 (RLIN) 57579
700 1# - ENTRADA AGREGADA--NOMBRE PERSONAL
Nombre de persona Wiedenfeld, Kurt.
9 (RLIN) 168761
700 1# - ENTRADA AGREGADA--NOMBRE PERSONAL
Nombre de persona Montgelas, Max de,
Títulos y otros términos asociados al nombre Comte.
9 (RLIN) 82625
700 1# - ENTRADA AGREGADA--NOMBRE PERSONAL
Nombre de persona Brandenburg, Erich von.
9 (RLIN) 168762
700 1# - ENTRADA AGREGADA--NOMBRE PERSONAL
Nombre de persona García Morente, Manuel,
Fechas asociadas al nombre 1886-1942
9 (RLIN) 55002
852 ## - LOCALIZACIÓN
Ubicación ES-MaACL
Número de control de estantería F-15088
942 ## - ELEMENTOS DE ENTRADA SECUNDARIOS (KOHA)
Fuente del sistema de clasificación o colocación Clasificación decimal universal
Holdings
Estatus retirado Estado de pérdida Estado de daño No para préstamo Biblioteca de origen Biblioteca actual Ubicación en estantería Fecha de adquisición Fuente de adquisición Total de préstamos Signatura topográfica completa Código de barras Visto por última vez Precio de reemplazo Tipo de ítem Koha
        Biblioteca del Ateneo de Madrid Biblioteca del Ateneo de Madrid Sala Pecera Planta 2 26/11/2019     F-15088 1201298 23/02/2023 23/02/2023 Libro impreso